Statistics for Video Game Titles: Missing Words (N & O)

Click here to take the quiz!

General Stats

  • This quiz has been taken 18 times
  • The average score is 9 of 20

Answer Stats

Year ReleasedVideo Game% Correct
1971The {Oregon} Trail
86%
2010Enslaved: {Odyssey} to the West
71%
2006The Elder Scrolls IV: {Oblivion}
71%
2017Hello {Neighbor}
64%
1996{Nights} Into Dreams
64%
2014{Octodad}: Dadliest Catch
64%
2017Assassin's Creed {Origins}
57%
2006Lego Star Wars 2: The {Original} Trilogy
57%
2021Little {Nightmares} 2
57%
2014Sunset {Overdrive}
57%
2019The {Outer} Worlds
57%
2007The {Orange} Box
43%
2002{Never}winter Nights
36%
1999Resident Evil 3: {Nemesis}
29%
2001ATV {Offroad} Fury
21%
2003Resident Evil {Outbreak}
21%
2001{Onimusha}: Warlords
14%
2017{Outlast} II
14%
2012Mark of the {Ninja}
7%
1990Zombie {Nation}
7%

Score Distribution

Percentile by Number Answered

Percent of People with Each Score

Your Score History

You have not taken this quiz